Statistics for Let It Be by The Beatles - Lyrics

Click here to take the quiz!

General Stats

  • This quiz has been taken 2,270 times
    (605 since last reset)
  • The average score is 40 of 44

Answer Stats

Let It Be % Correct
{Let} {it} {be} (×4), yeah
100%
{Let} {it} {be}
100%
Yeah, {let} {it} {be} (×3), yeah
100%
{Let} {it} {be} (×4)
100%
{Let} {it} {be} (x3), yeah
100%
Speaking {words} {of} {wisdom}
99%
Whisper {words} {of} {wisdom}
99%
Mother Mary {comes} {to} {me}
96%
She is standing right in {front} {of} {me}
95%
Yeah there will be {an} {answer}
94%
Speaking words {of} {wisdom}
94%
Whisper words {of} {wisdom}
94%
There will be {an} {answer}
94%
When I find myself in {times} {of} {trouble}
93%
Whisper words of {wisdom}
92%
And in my hour of {darkness}
87%
Shine on until {tomorrow}
79%
There is still a light that shines {on} {me}
77%
And when the brokenhearted {people}
77%
There is still a chance that they {will} {see}
76%
I wake up to the {sound} {of} {music}
63%
Living in the {world} {agree}
60%
For though they may be {parted}
49%
And when the night {is} {cloudy}
43%

Score Distribution

Percentile by Number Answered

Percent of People with Each Score

Your Score History

You have not taken this quiz since the last reset